000 00864cam a2200241 4500
008 020719n2003 000 0 eng u
020 _a0471211761
035 _a(Sirsi) u118937
041 _aeng.
050 _a333.70285
_c18
100 _aO'Sullivan, David
245 _aGeographic information analysis
260 _aNew Jersey
_bWiley
_c2003
300 _axi, 436p.
_bill.
_c25cm.
350 _a51.95
520 _aPresents coverage of the foundations of spatial analysis in a geographic information systems environment. Focusing on the universal aspects of spatial data and their analysis, it covers the scientific assumptions and limitations of methods available in many geographic information systems.
650 _aGIS
650 _aSPATIAL ANALYSIS
650 _aGIS
690 _aGeomatics
_96242
700 _aUnwin, David J.
942 _n0
999 _c102202
_d102202